[Event "YUG-ch 56th"]
[Site "Herceg Novi"]
[Date "2001.04.03"]
[Round "11"]
[White "Antic, Dejan"]
[Black "Ostojic, Nikola"]
[Result "1-0"]
[WhiteElo "2481"]
[BlackElo "2451"]
[Annotator "Rabinovich,Al"]
[PlyCount "109"]
[EventDate "2001.03.23"]
[EventType "tourn"]
[EventRounds "15"]
[EventCountry "YUG"]
[EventCategory "10"]
[SourceTitle "CBM 083"]
[Source "ChessBase"]
[SourceDate "2001.07.05"]
[SourceVersion "1"]
[SourceVersionDate "2001.07.05"]
[SourceQuality "1"]

1. d4 {[%mdl 6184]} Nf6 2. c4 e6 3. Nf3 b6 4. g3 Ba6 5. b3 (5. Nbd2 Bb4 6. Qc2
Bb7 7. Bg2 Be4 8. Qd1 O-O 9. O-O Bxd2 10. Qxd2 d6 11. b3 Nbd7 12. Bb2 a5 13.
Rfd1 a4 14. Bh3 Bxf3 15. exf3 d5 16. f4 g6 17. Bf1 c6 18. Qc2 axb3 19. axb3 Qc7
20. Rac1 Rfc8 21. b4 dxc4 22. Bxc4 Qd6 23. Qb3 {1/2-1/2 Ivanchuk,V-Anand,V/
Monaco MNC 2001/The Week in Chess 333 (23)}) 5... Bb4+ (5... b5 6. cxb5 Bxb5 7.
Bg2 c5 8. O-O Bc6 9. Ba3 Na6 10. Nbd2 Be7 11. dxc5 Bxc5 12. Bxc5 Nxc5 13. Rc1
Nb7 14. e4 O-O 15. Nd4 Rc8 16. Nxc6 dxc6 17. Qe2 $16 {1-0 Kramnik,V-Ivanchuk,V/
Monaco MNC 2001/The Week in Chess 333 (50)}) (5... Bb7 6. Bg2 Bb4+ 7. Bd2 a5 8.
O-O O-O 9. Qc2 d6 10. Nc3 Nbd7 11. Rad1 Bxc3 12. Bxc3 Be4 13. Qc1 a4 14. Bh3 b5
15. Nd2 axb3 16. axb3 bxc4 17. bxc4 Ra2 18. f3 Bc2 $15 {0-1 Morovic Fernandez,
I-Adams,M/Istanbul TUR 2000/The Week in Chess 314 (35)}) 6. Bd2 Be7 7. Bg2 c6
8. Bc3 (8. O-O $5 d5 9. Qc2 Nbd7 10. Rd1 O-O 11. Bf4 Rc8 12. Nc3 Nh5 $13 {
0-1 Van Wely,L-Adams,M/Wijk aan Zee NED 2001/The Week in Chess 325 (49)}) 8...
d5 9. Ne5 Nfd7 {This line is probably one of the most problematic lines
nowdays.Every week somebody comes up with an new idea and the discution about
the evaluation of this variation continues. White plan is to develop the
pieces and to play e4,black on the other hand tries to intterupt this plan and
to play c5.} 10. Nxd7 Nxd7 11. Nd2 O-O (11... f5 12. O-O O-O 13. Rc1 Rc8 14.
Bb2 b5 15. c5 b4 16. Nf3 Bb5 17. Qd2 a5 18. Qe3 $14 {[%csl Re6] 1-0 Beliavsky,
A-Ashley,M/Las Vegas USA 2001/The Week in Chess 332 (41)}) 12. O-O {Untill now
both sides followed the last words of theory.Now black has few interesting
continuations:} Nf6 (12... b5 13. c5 f5 14. f4 g5 15. Nf3 gxf4 16. gxf4 Kh8 17.
Kh1 Rg8 18. Rg1 Bf6 19. Qd2 $14 {[%csl Ra6,Re6] 0-1 Karpov,A-Gurevich,M/Cap
d'Agde FRA 2000 (50)}) (12... Rc8 $1 {This move nowdays is the best black
weapon.} 13. e4 b5 (13... c5 $1 14. exd5 exd5 15. dxc5 dxc4 16. c6 cxb3 17. Re1
b2 18. Bxb2 Nc5 19. Ba3 $14 {1/2-1/2 Shneider,A-Anand,V/Bastia FRA 2000/The
Week in Chess 314 (22)} (19. Nc4 {Leading to equal ending.} Bxc4 20. Qg4 Bg5
21. Qxc4 Nd3 22. Be5 Nxe1 23. Rxe1 Bf6 24. Bxf6 Qxf6 25. c7 $44 {[%cal Ge1c1,
Gg2b7] 1/2-1/2 Beliavsky,A-Hracek,Z/Bremen GER 2001 (32)})) 14. Re1 (14. c5 $5)
14... dxc4 15. bxc4 bxc4 16. Qa4 Bb5 17. Qc2 Re8 18. a4 Ba6 19. Rad1 Bf8 20.
Nf1 Rb8 21. Ne3 Bb4 $15 {0-1 Sturua,Z-Shariyazdanov,A/Biel SUI 2000/The Week
in Chess 300 (82)}) 13. e4 b5 {The only move which gives black counterplay.}
14. Re1 dxe4 15. Qc2 (15. Rc1 $6 Rb8 (15... Rc8 $5) 16. c5 b4 17. Bb2 Bd3 $11)
15... Rc8 {Another possibility is 15...Rb8} 16. Rad1 Nd5 17. Bxe4 $5 (17. cxd5
cxd5 18. a3 Bxa3 19. Qa2 b4 20. Bxb4 Bxb4 21. Qxa6 Rc2 22. Re2 Qc8 $15) (17.
Bb2 f5 18. cxd5 cxd5 19. Qb1 b4 {[%csl Rb2,Gb4,Gd5,Ge4,Ge6,Gf5,Rg2]}) 17...
Nxc3 18. Qxc3 Bf6 19. Qc2 (19. c5 $5 Bxd4 20. Qc2 f5 21. Bg2 Qf6 22. b4 $44 {
[%csl Ra6,Rd4] This is really unusuall when both black bishops are out of the
game.It seems like the one on d4 is strong, but when you take a closer look
you understand that his major worry now is to escape,since white wants after
Nf3 to win it after few moves.}) 19... g6 $8 (19... bxc4 20. bxc4 Bxd4 21. Nf3
c5 22. Bxh7+ Kh8 23. Re4 $16) 20. Nf3 bxc4 21. bxc4 Qa5 {All this already was
known to both players.The position is unclear.White center can be strong,but
also,if black will manage to attack it can be weak.The B on a6 is in the game.
White comes up with new and interesting plan in this position,he begins
pushing the h-P by this weaking the black K.} 22. h4 $5 $146 (22. c5 Bb5 {
[%cal Gb5a4]} 23. Qc1 Qxa2 24. Qf4 Bg7 25. Ra1 Qb2 26. Reb1 $11) 22... Rfd8 (
22... c5 23. d5 $36) 23. h5 $1 Qxh5 24. Qa4 Bb7 25. Qxa7 Rd7 26. Qa4 Ra8 {
Black plays very accurately.} 27. Qb3 c5 $6 {Too early.Better was first to put
some pressure on d4P.} (27... Rad8 $5 {[%cal Gb7a8,Gf6d4]}) 28. Bxb7 Rb8 29.
dxc5 Rdxb7 (29... Rbxb7 30. Qe3 Rxd1 31. Rxd1 Rb2 (31... Rc7 $4 32. Qf4 $18 {
[%cal Gf4f6,Gf4c7]}) 32. c6 Qa5 33. Qf4 Qb6 34. Nd4 $18 {[%cal Gc6c7]}) 30. Qe3
$16 Rc8 (30... Rb2 31. Rd2 $16) 31. Nd2 {[%cal Gd2e4]} Bg5 32. Qe4 (32. Qe5
Bxd2 33. Qxh5 gxh5 34. Rxd2 Rxc5 $14 {Probably will end as a draw.}) 32... Rbc7
(32... Rb2 33. Nb3 Rxa2 34. c6 Be7 35. Rd7 Bb4 36. Re3 Rb2 37. c7 {And black
is in trouble.}) 33. Nb3 Be7 {[%tqu "En","Find the best move for white to keep
the advantage.","","","d1d6","Correct.Black can't take the present and white
keeps the extra pawn.",10]} 34. Rd6 $1 Qf5 (34... Bxd6 35. cxd6 Rd7 36. Qd4 $18
{[%cal Gc4c5] White pawns should finish the job.}) 35. Qd4 Rxc5 {Black is
trying to look for some chances,by exchanging few pieces.} 36. Nxc5 Bxd6 37.
Nxe6 Bf8 (37... fxe6 38. Qxd6 Rxc4 39. Rxe6 Rc8 40. Re7 {[%csl Rg8]} Rf8 41.
Qd4 Qf6 {Was the last try for black.Keeping some drawing chances.}) 38. Nxf8
Rxf8 39. c5 $18 {Black is not capble of stopping both white pawns.} Qc2 40. a4
Ra8 41. a5 Qa2 42. Ra1 Qe6 43. Qd6 {Good technic,white is not giving any
counterplay chances.} Qc4 44. a6 Qc3 45. Rb1 Kg7 46. Qc6 Ra7 47. Qb6 Qd3 (47...
Ra8 48. c6 $18 {[%cal Gc6c7,Ga6a7,Gb6b8]}) 48. Ra1 Qd4 49. Rc1 Re7 (49... Qd2
50. Rf1 Re7 51. c6 $18) 50. Qd6 Qb2 (50... Qe4 51. c6 $18) 51. Qxe7 Qxc1+ 52.
Kg2 Qc4 53. Qe5+ {Avoiding any complications with 53...Qd5+} f6 54. Qe7+ Kh6
55. Qb7 {Now black is helpless against a7-a8Q.} 1-0

[Event "FIDE-Wch k.o."]
[Site "New Delhi/Teheran"]
[Date "2000.12.03"]
[Round "3.1"]
[White "Khalifman, Alexander"]
[Black "Leko, Peter"]
[Result "1/2-1/2"]
[WhiteElo "2667"]
[BlackElo "2743"]
[Annotator "Rabinovich,Al"]
[PlyCount "97"]
[EventDate "2000.11.27"]
[EventType "k.o."]
[EventRounds "7"]
[EventCountry "IND"]
[SourceTitle "CBM 081"]
[Source "ChessBase"]
[SourceDate "2001.03.20"]
[SourceVersion "1"]
[SourceVersionDate "2001.03.20"]
[SourceQuality "1"]

1. d4 Nf6 2. c4 e6 3. Nf3 b6 4. g3 Ba6 5. Nbd2 d5 (5... c5 6. Bg2 Nc6 7. dxc5
bxc5 8. O-O Be7 9. Qa4 Qa5 10. Qxa5 Nxa5 11. b3 Bb7 12. Bb2 d6 {1/2-1/2
Hellsten,J-Brynell,S/Orebro SWE 2000/The Week in Chess 298 (29) The position
is equal.}) (5... Bb4 6. Qc2 Bb7 7. Bg2 Be4 8. Qd1 O-O 9. O-O Bxd2 10. Qxd2 a5
11. b3 d6 12. Bb2 Nbd7 13. Rfe1 a4 14. Bf1 h6 15. Qc3 Bb7 16. Nd2 c5 17. e4 {
1/2-1/2 Hellsten,J-Hansen,S/Luebeck GER 2000 (33) White's position looks
slightly better.But still black has nice pawn structure and "good" pieces what
gives him good chances to equalize.}) (5... Bb7 6. Bg2 c5 7. e4 cxd4 8. O-O Qc8
9. e5 Ne4 10. Nxe4 Bxe4 11. Re1 Bxf3 12. Bxf3 Nc6 13. a3 Be7 14. b4 Rb8 15.
Bxc6 dxc6 16. Qxd4 O-O 17. Be3 f5 18. Red1 {1/2-1/2 Tregubov,P-Gurevich,M/
Amsterdam NED 2000/The Week in Chess 302 (18) Black absolutly has no problems.}
) 6. Bg2 Be7 7. O-O O-O 8. cxd5 {Another possibility is not to take on d5,but
to play 8.b3 followed by 9.Bb2 and 10.Ne5.} exd5 9. Ne5 Bb7 (9... c5 {This
line is an alternative for 9...Bb7.It looks like the last word wasn't said yet
in both variations.} 10. dxc5 bxc5 11. b3 Re8 12. Bb2 Bf8 13. Re1 Bb7 14. Qc2
Qc7 15. Nd3 Nbd7 16. Nf4 Bd6 17. e3 Rac8 $13 {[%cal Gd5d4] 1/2-1/2 Leitao,
R-Nisipeanu,L/Las Vegas 1999/CBM 72 (45) The position is complicated,but black
should be satisfied with the results of the opening.}) 10. b3 a5 $5 {Very
interesting idea,first played by Karpov against Lautier in Amber Rapidplay
2000.} 11. Bb2 Na6 12. Rc1 {Lautier prefered to place the Q on c2 and R on d1.}
c5 13. Nd3 {[%cal Gd3f4]} (13. e3 Rc8 14. Ndf3 Bd6 $11) 13... Re8 14. Nf4 cxd4
$6 {This move leads to a slightly worse position,while after 14...Rc8 black
has a good  pawn structure and well placed pieces.} (14... Rc8 $11) 15. Nf3 (
15. Bxd4 Ba3 16. Ra1 Ne4 {And black is fine.}) 15... Nb4 16. a3 Na2 {This was
the black's idea.} 17. Rc2 Nc3 18. Qc1 (18. Qxd4 Nce4 {[%csl Ra3][%cal Ge7c5]
Black forced white to play a3 after what the pawn became a weakness.}) (18.
Bxc3 dxc3 19. Rxc3 Bxa3 $17) 18... Bc5 19. Nxd4 Nce4 (19... Bxd4 20. Bxc3 Bxc3
21. Rxc3 Ne4 22. Bxe4 dxe4 23. Rd1 $14) 20. Nd3 Bf8 {The conclusions of the
black experiment are for white's faver.Control over d4 square and pressure on
d-file, clearly white is better.} 21. Rd1 Rc8 22. Bh3 (22. Qa1 $5 Rxc2 23. Nxc2
{[%cal Gd3f4,Gc2e3,Gf4d5,Ge3d5] Looks promising for white.}) 22... Rxc2 23.
Qxc2 Nc5 {Black,again,has to be careful.White pieces are taking good positions
and the pawn on d5 is still a small headache.But black succeded to put white
pawn on a3 and black knights are controling important squares like e4 and c5
what gives him some counterplay.} 24. Nf4 {[%cal Gd4f5]} g6 $1 {Important move,
black can't afford himself to wait until the second N will come to f5.} 25. b4
(25. Nb5 {[%cal Gb5c3,Gc3d5]} Bg7 26. Nc3 $14 {[%cal Gh3g2,Gg2d5]}) 25... axb4
26. axb4 Nce4 27. Qa4 (27. b5 {[%cal Gd4c6]} Bc5 28. e3 $14) 27... Qd6 {
Black attackes white weaknesses.} 28. Nd3 Ra8 29. Qb3 Ba6 30. b5 Bb7 31. Nc6 $5
Ng5 (31... Bxc6 32. Be5 Nc5 $8 33. Qb2 Nxd3 34. exd3 $18 {[%cal Gb5c6]}) 32.
Bg2 Bxc6 $1 {Black escapes by exchanging combination.} 33. Be5 Qe6 34. Bxf6 (
34. bxc6 Qxc6 35. Nf4 {White will return the pawn,but the draw result is in
the air.}) 34... Qxf6 35. bxc6 Qxc6 36. Bxd5 Qa4 {The important move,which had
to be seen by black when he started all this variation.} 37. Rb1 Qxb3 38. Rxb3
Ra5 39. Nf4 (39. Bc6 Bc5 40. Nxc5 bxc5 41. h4 $11) 39... Bd6 40. Bc6 Rc5 (40...
Bxf4 41. gxf4 Ne6 42. e3 Ra6 {Even here when black R placed so bad white has
not enough resources to win.}) 41. Bd7 {The draw agreement could come on every
move.} Rc1+ 42. Kg2 Bc5 43. Nd3 Rc2 44. Nxc5 bxc5 45. Re3 Rd2 46. Bb5 Kg7 47.
h4 Ne6 48. Bc4 Kf6 49. Rc3 1/2-1/2

[Event "Montreal 2nd"]
[Site "Montreal"]
[Date "2001.08.06"]
[Round "5"]
[White "Zugic, Igor"]
[Black "Hebert, Jean"]
[Result "1-0"]
[WhiteElo "2440"]
[BlackElo "2427"]
[Annotator "Rabinovich,Al"]
[PlyCount "97"]
[EventDate "2001.08.02"]
[EventType "tourn"]
[EventRounds "11"]
[EventCountry "CAN"]
[EventCategory "9"]
[SourceTitle "CBM 085"]
[Source "ChessBase"]
[SourceDate "2001.11.13"]
[SourceVersion "1"]
[SourceVersionDate "2001.11.13"]
[SourceQuality "1"]

1. c4 {[%mdl 22580]} Nf6 2. Nf3 e6 3. d4 b6 4. g3 Ba6 5. b3 Bb4+ 6. Bd2 Be7 7.
Bg2 c6 8. Bc3 (8. O-O $5 O-O 9. Qc2 d5 10. Rd1 Nbd7 11. Bf4 Rc8 12. Nc3 b5 13.
c5 b4 14. Nb1 Bb5 15. a3 a5 $13 {1/2-1/2 Xu Jun-Liang Chong/HeiBei CHN 2001/
The Week in Chess 351 (33)}) 8... d5 9. Nbd2 (9. Ne5 $5 Nfd7 10. Nxd7 Nxd7 11.
Nd2 f5 12. b4 $146 (12. O-O O-O 13. Rc1 Rc8 14. Bb2 b5 15. c5 b4 16. Nf3 Bb5
17. Qd2 a5 18. Qe3 $14 {1-0 Beliavsky,A-Ashley,M/Las Vegas USA 2001/The Week
in Chess 332 (41)}) 12... Rc8 13. Qb3 {1/2-1/2 Roiz,M-Thorfinnsson,B/Athens
GRE 2001/The Week in Chess 354 (13)}) 9... Nbd7 10. O-O Rc8 {Not such a
popular move.Not always the R is placed bestly on c8,sometimes b8 is more
convinient square for him.In my opinion 10...0-0 is more flexible.} (10... O-O
$5 11. Re1 Bb7 12. e4 Rc8 13. Rc1 h6 14. e5 Ne8 15. cxd5 cxd5 16. Bf1 Nc7 17.
Bb2 Nb8 $11 {[%cal Gb7a6] 0-1 Atalik,S-Goldin,A/Las Vegas USA 2001/The Week in
Chess 351 (76)}) 11. Re1 (11. Qc2 $5) (11. Qc2 $5 {Avrukh,B} c5 12. dxc5 dxc4
13. c6 $1 Rxc6 14. Nd4 Rc7 15. Nc6 Qc8 16. Nxe7 Kxe7 17. Bb4+ Nc5 18. Nxc4 $16
{A.Beliavsky}) 11... c5 {Black must play this move now,before castling
otherways white will easily promote e4 and will get a good game.} (11... O-O
12. e4 Bb7 13. Qc2 Rc7 14. e5 $14 {1-0 Neverov,V-Kharitonov,A/Lvov 1985/MCD 
(41)}) 12. Rc1 (12. cxd5 $6 {Harmless move.} Nxd5 13. Bb2 O-O 14. Rc1 b5 15. a3
b4 $11 {1-0 Meyer,J-Kudrin,S/Palo Alto 1981/EXT 2000 (30)}) (12. e4 $5 {
The most logical continuation.As long as black K is in the center,white should
show some initiative in the center.} cxd4 (12... dxc4 $1) 13. Nxd4 e5 14. Nf5
d4 15. Bxd4 $1 exd4 16. e5 $36 {1-0 De Boer,G-Grooten,H/Amsterdam 1983/MCD (27)
}) 12... O-O 13. cxd5 (13. Bb2 dxc4 14. Nxc4 Bb7 15. dxc5 Nxc5 16. Qxd8 Rfxd8
17. Red1 Rxd1+ 18. Rxd1 {1/2-1/2 Salov,V-Psakhis,L/Lvov 1984/URS-ch (18)})
13... exd5 (13... Nxd5 $5 14. Bb2 $11) 14. Bb2 Re8 15. dxc5 Bxc5 (15... bxc5
16. e4 $14) 16. Bh3 $1 $14 {We can make some conclusions.White achieved
something from the opening.Isolated d-P will need black's attention.The
d4-square is comfortable for white pieces.Good bishops also is important thing.
On the other hand black developed his pieces pretty well,if black will manage
to place his knight on e4 and develop some initiative the game should be
interesting and at the same time complicated.} (16. e3 $14) 16... Rc7 17. a3
Bf8 (17... Qe7 $5 {[%cal Ga6e2]}) 18. Nd4 Ne5 (18... Rxc1 19. Qxc1 Nc5 20. b4
Nce4 21. b5 $16 {[%csl Gc6][%cal Gd4c6]}) 19. Rxc7 Qxc7 20. Qb1 $16 {[%csl Gf5]
[%cal Gd4f5,Gh3f5,Gb1f5,Ge1c1] White is on the right way.He is holding the
d4-square using all the advantages of isolated pawn.The R is now will go to c1
or to d1 after what black will be busy with protecting his weaknesses.} (20.
Qa1 $1 $14 {[%cal Gb2f6,Ga1b2] Good place for the Q.}) 20... Qd8 {Black has no
good moves,so he tries to prepare against white plan.} 21. Rd1 (21. Rc1 $5 Bc5
22. Qa1 $1 {And white would keep everything he achieved by now.}) 21... Bc5 $1
{Black is using perfectly his opportunity.Bringing his pieces back to active
positions.Black's plan is very clear:to make white to play e3 and to enter d3
square with one of his pieces.} 22. e3 Bd3 (22... Nd3 $5 23. b4 Nxb2 24. Qxb2
Bd6 25. N2f3 $14 {[%cal Gb4b5]}) 23. Qa1 {[%cal Gd4e6]} Bf8 $2 (23... Ne4 $5 {
[%csl Gc5,Gd3,Ge4,Ge5] Black had to keep on this activity.There was no reason
to back of.} 24. Ne6 Qf6 $3 {Amazing move,which could be found only by machine.
But take a look at black pieces.They are defenetly took a very threatening
positions and that should have been black's futuring plan.} 25. Nxe4 (25. Nf4
$5 Bc2 $13) 25... Bxe4 $1 {[%cal Gf6f3] And white is in trouble.}) 24. Ne6 fxe6
25. Bxe5 {Now white is back on top.Instead of weakness on d5 there is one new
now on e6.} a5 26. Rc1 {[%cal Gc1c6,Gc6c7]} Bc5 27. Qc3 $1 $16 {White controls
the important squares on board and after playing b4 black dark square bishop
won't have any good place too.} Bb5 $6 (27... Bf5 $5 28. Bxf5 exf5 {[%cal
Gc5a3] Although it doesn't look very pleasant for black it was the best chance
to fight for a draw.The ending ain't that easy,but counterchances that what
could help black in the ending.} 29. Bxf6 Qxf6 30. Qxf6 gxf6 31. a4 d4 $1 {
Getting rid of one weakness and gaining some space for the B.} 32. exd4 Bxd4
33. Kf1 Kf7) 28. b4 axb4 29. axb4 Bd6 30. Qd4 {Black suffers fro lack of space.
White has just to improve the placement of his N and black won't be able to
protect all his weaknesses.} Kf7 $6 31. f4 $1 {[%cal Gf4f5]} Re7 (31... Kg8
$142 {It was better to return the k to safe place.}) 32. e4 $18 (32. Nf3 $1 h6
33. f5 $18 {Was winning immideatly.} exf5 $4 34. Bxf6 gxf6 35. Qxd5+ {[%cal
Gd5f7,Gd5b5]}) 32... Bxe5 33. fxe5 Ne8 34. Nf3 $6 (34. Bg2 $18) 34... h6 35.
exd5 (35. Nh4 $1 {[%csl Rg6][%cal Gc1c2,Gc2f2,Gd4f2] With this powerfull
pieces white had to develop a very strong attack on black K.}) 35... Qxd5 $8 (
35... exd5 $2 36. Rc8 $18) 36. Qxd5 {Transfering the game to clearly better
ending,but why not to play this position with queens on the board,black had to
solve some serious problems.} (36. Qf4+ Kg8 37. Nd4 $16 {[%csl Rb5,Re6]}) 36...
exd5 37. Nd4 $16 Bc4 38. Re1 g6 {[%csl Gf5] It is very difficult for black to
hold this ending.White pieces dominate and e-P is very strong.} 39. Bd7 $1 $18
{[%cal Ge5e6,Gd4c6] White is winning some material now.} Nf6 (39... Kf8 40. e6
Nf6 41. Nc6 $18 Nxd7 42. Nxe7 Kxe7 43. exd7+ Kxd7 44. Kf2 Kd6 45. Ke3 Ke5 46.
Kd2+ Kf5 47. Kc3) 40. Be6+ Rxe6 41. Nxe6 Kxe6 42. exf6+ Kxf6 43. Kf2 {Black is
helpless.He is trying to bring his K to attack white pawns,but white is very
precise and leave no chances.} Kf5 44. Ke3 Kg4 (44... Ke5 45. Kd2+ Kd4 (45...
Kf5 46. Kc3 {[%cal Gc3d4]}) 46. Re6 $18) 45. Kd4 h5 $6 {This move is loosing
by force.} (45... b5 $5 {Was the last try.} 46. Re6 Kf5 47. Rb6 Kg5 48. Ke5 h5
49. h4+ Kh6 50. Rd6 Kg7 51. Rd7+ Kh6 52. Rxd5 Bxd5 53. Kxd5 g5 54. Kc5 $18) 46.
Re6 g5 47. Rxb6 Kh3 48. Rh6 Be2 49. Ke3 1-0